Online
Catalog
Normal view MARC view

Entry Término temático

Number of records used in: 7

001 - NÚMERO DE CONTROL

  • campo de control: 36033

003 - IDENTIFICADOR DEL NÚMERO DE CONTROL

  • campo de control: BNPHU

005 - FECHA Y HORA DE LA ÚLTIMA TRANSACCIÓN

  • campo de control: 20250530103144.0

008 - DATOS DE LONGITUD FIJA

  • campo de control de longitud fija: 200615|| aca||aabn | a|a d

010 ## - NÚMERO DE CONTROL DE LA BIBLIOTECA DEL CONGRESO

  • Número de control de LC: sh2006009019

040 ## - FUENTE DE LA CATALOGACIÓN

  • Centro catalogador/agencia de origen: DO-SdBNP
  • Lengua de catalogación: spa
  • Centro/agencia transcriptor: BNPHU
  • Normas de descripción: rda

150 ## - ENCABEZAMIENTO--TÉRMINO DE MATERIA

  • Término de materia o nombre geográfico como elemento de entrada: Parejas
  • Subdivisión general: Psicología

450 0# - TRAZADO DE VÉASE--TÉRMINO DE MATERIA

  • Término de materia o nombre geográfico como elemento de entrada: Couples
  • Subdivisión general: Psychology

550 ## - TRAZADO VÉASE ADEMÁS--TÉRMINO DE MATERIA

  • Término de materia o nombre geográfico como elemento de entrada: Psicología
  • Subcampo de control: g

670 ## - FUENTE DE DATOS ENCONTRADOS

  • Cita de la fuente: Work cat.: (OSt)15605: Williams Zorrilla, Héctor 36032, Psicología sexual de la pareja /, 1988.

670 ## - FUENTE DE DATOS ENCONTRADOS

  • Identificador Uniforme del Recurso: https://librunam.dgb.unam.mx:8443/F/DH2Q6FNGNNLT7GYKBYX53D8R6FYA2M5E14P83G8T666VR6S243-02207?func=full-set-set&set_number=000488&set_entry=000001&format=001 Consultado en 29 de Mayo, 2025

670 ## - FUENTE DE DATOS ENCONTRADOS

  • Identificador Uniforme del Recurso: https://authorities.loc.gov/cgi-bin/Pwebrecon.cgi?AuthRecID=7053629&v1=1&HC=1&SEQ=20250530094007&PID=9X-TnZGdwxOEI8LFknP9mN4XWkjq Consultado en 29 de Mayo, 2025

750 ## - ENTRADA DE ENLACE DE ENCABEZAMIENTO ESTABLECIDO--TÉRMINO DE MATERIA

  • Número de control del registro de autoridad o número normalizado: sh2006009019
  • Término de materia o nombre geográfico como elemento de entrada: Couples
  • Subdivisión general: Psychology

Powered by Koha